Statistics for The worst English in the world!

Click here to take the quiz!

General Stats

  • This quiz has been taken 17 times
  • The average score is 10 of 20

Answer Stats

HintAnswer% Correct
3rd wMali
75%
2nd wCongo, Rep.
69%
4th wLaos
69%
8th wTogo
69%
10th wAfghanistan
63%
4th wBurkina Faso
63%
9th wBenin
56%
2nd wCôte d'Ivoire
56%
7th wGabon
56%
worstGuinea
56%
9th wMauritania
56%
5th wSenegal
56%
7th wTajikistan
56%
9th wAngola
50%
6th wHaiti
44%
7th wDR Congo
31%
5th wLiberia
25%
10th wSierra Leone
25%
5th wSaudi Arabia
19%
5th wCabo Verde
13%

Score Distribution

Percentile by Number Answered

Percent of People with Each Score

Your Score History

You have not taken this quiz